000 00522nam a2200157 a 4500
001 000001843
005 20200929145727.0
008 090629s2006 cu 000 0 spa d
020 _a9592112959
040 _aDO-SdBNP
_bspa
_cBNPHU
082 _aR696p
100 1 _aRodríguez, Juan Carlos
_96002
245 1 3 _aLa Plaza en la revolución /
_cSelección, organización de textos y edición, Juan Carlos Rodríguez, Marilyn Rodríguez.
260 _aLa Habana, :
_bCapitán San Luis,
_c2006.
300 _a363p. :
_bil. ;
_c24 cm.
999 _c1720
_d1720